header

Knowing in firms (Record no. 191161)

MARC details
000 -LEADER
fixed length control field 01447nam a2200361 a 4500
245 00 - TITLE STATEMENT
Title Knowing in firms
260 ## - PUBLICATION, DISTRIBUTION, ETC. (IMPRINT)
Place of publication London :
Name of publisher Sage,
Year of publication 1998.
300 ## - PHYSICAL DESCRIPTION
Number of Pages xiv, 290 p. :
Other physical details ill.
505 0# - FORMATTED CONTENTS NOTE
Formatted contents note pt. 1. Understanding knowledge in organizations -- pt. 2. Managing and measuring knowledge in organizations.
650 #0 - SUBJECT ADDED ENTRY--TOPICAL TERM
Topical Term Knowledge management.
Topical Term Organizational learning.
700 1# - ADDED ENTRY--PERSONAL NAME
Personal name Von Krogh, George.
Personal name Roos, Johan.
Personal name Kleine, Dirk.
856 40 - ELECTRONIC LOCATION AND ACCESS
Uniform Resource Identifier http://site.ebrary.com/lib/rucke/Doc?id=10392770

No items available.

© 2026 Rongo University
Contact us: librarian | system librarian | Rongo university